00727 2200253 4500001002100000005001700021008004100038020002200079035002400101040001200125082001700137084001700154090001900171100001900190245009000209260003000299300003300329650002200362700002300384850001200407990001800419990001800437990001800455INLIS00000000000268120170517091312.0  a978-0-7946-0171-3 0010-031500000000157 aYOPDYOG 2[23]a028.55 a028.55 Suy I aK 028.55 Suy I aSUYENAGA, Joan aIndonesian childrens favorite storiesc/ Joan Suyenaga ; ilustrasi Salim Martawiredjo aSingaporebPeriplusc2005 a[64] hlm.b: ilus.c; 23 cm. aKesusastraan anak aSalim Martawiredjo aYOPDYOG a10461-PD/B.15 a10462-PD/B.15 a10463-PD/B.15